000 00743nam a2200241 a 4500
001 000044385
003 DO-SdBNP
005 20180327152539.0
007 000044385
008 140626s2010 dr a 000 0 spa d
020 _a9789945163599
040 _aBPMET
_bspa
_cBPMET
092 _axxxx
_bxxxx
100 1 _aWeyland, Karin
245 1 3 _aEl reino de Maya /
_cKarin Weyland ; ilustraciones Francisco Tiburcio.
260 _aSanto Domingo :
_bBuho,
_c2010.
300 _a77 p. :
_bil ;
_c22 cm.
500 _aIncluye datos biográficos de la autora en la solapa de la cubierta
700 1 2 _aTiburcio, Francisco
_eil.
942 _2ddc
_cBK
945 _aRemanejado para la BNPHU / 2018 VM
956 _aVMATEO
_b10
_c20150427
_lBPMSU
_h00151
999 _c7717
_d7717